[Event "III Festival A"]
[Site "Lido degli Estensi - Comacchio ITA"]
[Date "2002.06.13"]
[Round "6"]
[White "Chatalbashev, Boris"]
[Black "Naumkin, Igor"]
[Result "1-0"]
[WhiteElo "2537"]
[BlackElo "2433"]
[PlyCount "63"]
[EventDate "2002.06.07"]

1. d4 e6 2. c4 f5 3. g3 Nf6 4. Bg2 Bb4+ 5. Nd2 O-O 6. Ngf3 b6 7. a3 Bxd2+ 8.
Nxd2 Nc6 9. b4 Bb7 10. Bb2 Qe8 11. O-O a5 12. d5 exd5 13. cxd5 Ne5 14. bxa5
Bxd5 15. Bxd5+ Nxd5 16. Qb3 c6 17. axb6 Ng4 18. e3 Qh5 19. Nf3 Rab8 20. Bd4 Kh8
21. Kg2 f4 22. h3 fxe3 23. fxe3 Ngf6 24. b7 Ne4 25. Qd3 Nd6 26. e4 Nc7 27. Be5
Rxb7 28. Qxd6 Ne6 29. Nd4 Rb2+ 30. Kg1 Rf7 31. Rxf7 Qxf7 32. Rf1 1-0

[Event "III Festival A"]
[Site "Lido degli Estensi - Comacchio ITA"]
[Date "2002.06.13"]
[Round "6"]
[White "Dervishi, Erald"]
[Black "Bukal, Vladimir sr"]
[Result "1-0"]
[WhiteElo "2523"]
[BlackElo "2432"]
[PlyCount "65"]
[EventDate "2002.06.07"]

1. e4 e6 2. d4 d5 3. Nd2 c5 4. exd5 exd5 5. Bb5+ Bd7 6. Qe2+ Be7 7. dxc5 Nf6 8.
Nb3 O-O 9. Be3 Re8 10. Nf3 a6 11. Bd3 Ba4 12. Nfd4 Nbd7 13. O-O-O Bxb3 14. Nxb3
Nxc5 15. Qf3 Nxd3+ 16. Rxd3 a5 17. Nd4 Nd7 18. Rb3 Ne5 19. Qh5 Bf6 20. a4 Nc6
21. Rd1 g6 22. Qf3 Ne5 23. Qh3 Re7 24. Kb1 Rc8 25. Rb5 Rc4 26. Nf3 Rd7 27. Bd4
Re7 28. Bxe5 Bxe5 29. Rbxd5 Qc7 30. Qh6 Re8 31. Rxe5 Rxe5 32. Nxe5 Rxc2 33. Nd7
1-0

[Event "III Festival A"]
[Site "Lido degli Estensi - Comacchio ITA"]
[Date "2002.06.13"]
[Round "6"]
[White "Dickhoff, Ronald"]
[Black "Lamoureux, Charles"]
[Result "0-1"]
[WhiteElo "2230"]
[BlackElo "2386"]
[PlyCount "62"]
[EventDate "2002.06.07"]

1. d4 d6 2. Nf3 Bg4 3. c4 Bxf3 4. gxf3 Nd7 5. f4 g6 6. Nc3 Bg7 7. e3 Nh6 8. Bg2
Rb8 9. h4 e5 10. dxe5 dxe5 11. e4 Nc5 12. fxe5 Nd3+ 13. Ke2 Nxc1+ 14. Rxc1 Bxe5
15. Qa4+ c6 16. Qxa7 Bd4 17. Qa3 Ng4 18. Nd1 h5 19. Rc2 Qf6 20. Qf3 Qe7 21. Qg3
Ra8 22. b3 O-O 23. f3 Ne5 24. Nf2 Rad8 25. Nh3 Nd3 26. Rd1 Be5 27. Qg5 Bf6 28.
Qe3 Nb4 29. Rcd2 Bxh4 30. a3 Na6 31. b4 Nc7 0-1

[Event "III Festival A"]
[Site "Lido degli Estensi - Comacchio ITA"]
[Date "2002.06.13"]
[Round "6"]
[White "Glek, Igor V."]
[Black "Jaracz, Pawel"]
[Result "1/2-1/2"]
[WhiteElo "2605"]
[BlackElo "2506"]
[PlyCount "128"]
[EventDate "2002.06.07"]

1. e4 c5 2. Nf3 Nc6 3. Bb5 d6 4. O-O Bd7 5. Re1 Nf6 6. c3 a6 7. Bf1 Bg4 8. d3
e6 9. Nbd2 Bh5 10. h3 d5 11. exd5 Qxd5 12. g4 Bg6 13. Nc4 Qd8 14. Nfe5 Nxe5 15.
Nxe5 Bd6 16. Bg2 Bxe5 17. Rxe5 Nd7 18. Re1 Qc8 19. Qf3 Ra7 20. d4 O-O 21. Be3
b6 22. Rad1 Nf6 23. dxc5 bxc5 24. Qf4 Rc7 25. Qc4 h5 26. gxh5 Bxh5 27. Rd6 a5
28. Ra6 Nd7 29. Bf4 Rb7 30. Rc6 Qd8 31. b3 Rb6 32. Bc7 Qg5 33. Rxb6 Bf3 34. Qf1
Rc8 35. Rd6 Rxc7 36. Re3 Bb7 37. Rg3 Qe7 38. Qd3 Bxg2 39. Kxg2 g6 40. Qd1 Kg7
41. Ra6 Nf6 42. Rxa5 Rd7 43. Qe1 Rd5 44. c4 Rf5 45. b4 Qb7+ 46. f3 cxb4 47.
Rxf5 exf5 48. Qe5 Qa6 49. c5 Qxa2+ 50. Kg1 b3 51. Rg2 Qb1+ 52. Kh2 Qc1 53. Qd4
Qe1 54. Rb2 Qc1 55. h4 f4 56. Qe5 Qf1 57. Qc3 Qb5 58. h5 Qc6 59. Rd2 Kh6 60.
hxg6 fxg6 61. Kg2 Nh7 62. Qe5 Qa4 63. Qd4 Qe8 64. Qxf4+ Kg7 1/2-1/2

[Event "III Festival A"]
[Site "Lido degli Estensi - Comacchio ITA"]
[Date "2002.06.13"]
[Round "6"]
[White "Iordachescu, Viorel"]
[Black "Drazic, Sinisa"]
[Result "1-0"]
[WhiteElo "2555"]
[BlackElo "2474"]
[PlyCount "160"]
[EventDate "2002.06.07"]

1. e4 g6 2. d4 Bg7 3. Nf3 d6 4. Be2 e5 5. O-O Nd7 6. Nc3 Ngf6 7. a4 O-O 8. dxe5
dxe5 9. Bg5 h6 10. Bh4 a5 11. Re1 Re8 12. Bf1 c6 13. Nd2 Nb6 14. Nc4 Nxc4 15.
Bxc4 Be6 16. Bxe6 Rxe6 17. Qxd8+ Rxd8 18. Rad1 Red6 19. f3 Rd2 20. Kf1 R8d7 21.
Rxd2 Rxd2 22. Rc1 Nd7 23. Be1 Rd6 24. b3 Bf6 25. Ke2 b6 26. Nb1 Bg5 27. Nd2 Kf8
28. Ra1 Bxd2 29. Bxd2 h5 30. Be3 Ke7 31. c3 f5 32. exf5 gxf5 33. b4 Rg6 34. g3
Kd6 35. Rb1 Kc7 36. bxa5 bxa5 37. c4 Rg8 38. Kd3 Kd6 39. Kc3 Ke6 40. Rd1 Ke7
41. c5 Nf6 42. Rd6 Nd5+ 43. Kd3 Rb8 44. Bd2 Rb3+ 45. Kc4 Rxf3 46. Bg5+ Kf7 47.
Rxc6 Nc3 48. Rc7+ Kg6 49. Bd2 Nxa4 50. c6 Nb6+ 51. Kc5 Na4+ 52. Kb5 Nc3+ 53.
Kc4 Ne4 54. Rd7 Rf1 55. Kd3 Nxd2 56. Kxd2 e4 57. c7 e3+ 58. Kc2 Rf2+ 59. Kc3
Rf1 60. Rd2 exd2 61. Kxd2 Rf2+ 62. Kd3 Rxh2 63. c8=Q a4 64. Qc6+ Kg5 65. Qxa4
Rf2 66. Ke3 Rf1 67. Ke2 Rb1 68. Qd4 Kg6 69. Kf3 Rf1+ 70. Kg2 Rb1 71. Qd5 Re1
72. Kh3 Re4 73. Qg8+ Kf6 74. Qh7 Rg4 75. Qxh5 Re4 76. Kg2 Rg4 77. Kf3 Re4 78.
Qh6+ Ke7 79. Qg5+ Ke6 80. Qg6+ Ke5 1-0

[Event "III Festival A"]
[Site "Lido degli Estensi - Comacchio ITA"]
[Date "2002.06.13"]
[Round "6"]
[White "Isonzo, David"]
[Black "Vospernik, Andrej"]
[Result "1-0"]
[WhiteElo "2360"]
[BlackElo "2150"]
[PlyCount "85"]
[EventDate "2002.06.07"]

1. e4 d5 2. exd5 Nf6 3. d4 Qxd5 4. Nc3 Qa5 5. Bd2 c6 6. Nf3 Bg4 7. h3 Bxf3 8.
Qxf3 e6 9. Bc4 Qb6 10. O-O-O Qxd4 11. Nb5 Qxc4 12. Nc7+ Kd8 13. Nxa8 Kc8 14. b3
Ba3+ 15. Kb1 Qe4 16. Qg3 Nd5 17. Qxg7 Rd8 18. Rhe1 Qg6 19. Qd4 Qf6 20. Qxf6
Nxf6 21. c4 b6 22. Bf4 Rxd1+ 23. Rxd1 Nbd7 24. f3 Kb7 25. g4 e5 26. Bh2 h6 27.
h4 Kc8 28. Bg1 Bc5 29. Bxc5 bxc5 30. Rd6 e4 31. fxe4 Nxg4 32. a4 Nde5 33. a5
Nf3 34. a6 Nxh4 35. Rxc6+ Kb8 36. Nc7 Nf3 37. Nd5 Nge5 38. Rxh6 Kc8 39. Rh8+
Kd7 40. Rb8 Nd2+ 41. Kc2 Nxe4 42. Rb7+ Kd6 43. Rxa7 1-0

[Event "III Festival A"]
[Site "Lido degli Estensi - Comacchio ITA"]
[Date "2002.06.13"]
[Round "6"]
[White "Jaracz, Barbara"]
[Black "Weinberg, Emanuele"]
[Result "1-0"]
[WhiteElo "2288"]
[BlackElo "1731"]
[PlyCount "83"]
[EventDate "2002.06.07"]

1. e4 Nf6 2. e5 Nd5 3. d4 d6 4. c4 Nb6 5. exd6 cxd6 6. Nc3 g6 7. Bg5 Bg7 8. h3
Nc6 9. Nf3 O-O 10. Qd2 d5 11. cxd5 Nxd5 12. Be2 Bf5 13. O-O Rc8 14. Bh6 Na5 15.
Bxg7 Kxg7 16. Ne5 f6 17. Ng4 Nc4 18. Qh6+ Kg8 19. Bxc4 Rxc4 20. Nxd5 Bxg4 21.
Ne3 Be6 22. Nxc4 Bxc4 23. Rfe1 e6 24. Qe3 Bd5 25. a3 Kg7 26. Rac1 Rf7 27. Rc3
Rc7 28. Rec1 Rxc3 29. Qxc3 Bc6 30. Qc5 a6 31. b4 Qd7 32. Re1 Kf7 33. Re3 Kg7
34. a4 Kf7 35. Rd3 Kg7 36. Rd2 Kf7 37. b5 axb5 38. axb5 Bd5 39. Rc2 h5 40. Qb6
Ke8 41. Rc7 Qd8 42. Qc5 1-0

[Event "III Festival A"]
[Site "Lido degli Estensi - Comacchio ITA"]
[Date "2002.06.13"]
[Round "6"]
[White "Kort, Jacob"]
[Black "Rotstein, Arkadij"]
[Result "0-1"]
[WhiteElo "2250"]
[BlackElo "2553"]
[PlyCount "42"]
[EventDate "2002.06.07"]

1. d4 Nf6 2. c4 c5 3. d5 b5 4. cxb5 a6 5. bxa6 g6 6. Nc3 Bxa6 7. Nf3 d6 8. g3
Bg7 9. Bg2 Nbd7 10. O-O O-O 11. Qc2 Qa5 12. h3 Rfb8 13. Rd1 Nb6 14. Ne1 Ne8 15.
Nd3 Nc4 16. a3 Nc7 17. Ra2 Bxc3 18. bxc3 Bb5 19. Bh6 Ba4 20. Qc1 Bxd1 21. Qxd1
Nb5 0-1

[Event "III Festival A"]
[Site "Lido degli Estensi - Comacchio ITA"]
[Date "2002.06.13"]
[Round "6"]
[White "Lain, Luigi"]
[Black "Zelcic, Robert"]
[Result "0-1"]
[WhiteElo "2164"]
[BlackElo "2547"]
[PlyCount "86"]
[EventDate "2002.06.07"]

1. d4 c5 2. d5 e6 3. c4 exd5 4. cxd5 d6 5. Nc3 Ne7 6. e4 Ng6 7. f4 Be7 8. Nf3
O-O 9. Be2 Bf6 10. O-O a6 11. a4 Bg4 12. Be3 Re8 13. Qc2 Nd7 14. Nd2 Bxe2 15.
Nxe2 b5 16. axb5 axb5 17. Qb3 Ra5 18. Nc3 Bxc3 19. Qxc3 b4 20. Qd3 Rxa1 21.
Rxa1 Qf6 22. Ra7 Ndf8 23. f5 Ne5 24. Qb5 Rd8 25. h3 Qh4 26. Qb6 Qe1+ 27. Kh2
Qh4 28. Kg1 Qe1+ 29. Kh2 Rd7 30. Bf4 Rxa7 31. Qxa7 Qh4 32. Bxe5 dxe5 33. g3 Qh5
34. g4 Qg5 35. Nf3 Qf4+ 36. Kg2 c4 37. Qc7 Qxe4 38. d6 Qd5 39. d7 Qxd7 40. Qxc4
Qb7 41. Kg3 Nd7 42. Ng5 Nf6 43. Qc5 h6 0-1

[Event "III Festival A"]
[Site "Lido degli Estensi - Comacchio ITA"]
[Date "2002.06.13"]
[Round "6"]
[White "Mitkov, Nikola"]
[Black "Galego, Luis"]
[Result "1/2-1/2"]
[WhiteElo "2493"]
[BlackElo "2532"]
[PlyCount "21"]
[EventDate "2002.06.07"]

1. e4 d6 2. Nc3 Nf6 3. Bc4 c6 4. Bb3 e5 5. d3 Be7 6. Nge2 O-O 7. O-O Nbd7 8. a3
Nc5 9. Ba2 Be6 10. f4 Bxa2 11. Rxa2 1/2-1/2

[Event "III Festival A"]
[Site "Lido degli Estensi - Comacchio ITA"]
[Date "2002.06.13"]
[Round "6"]
[White "Mrdja, Milan"]
[Black "Molina, Fabrizio"]
[Result "1-0"]
[WhiteElo "2411"]
[BlackElo "2278"]
[PlyCount "103"]
[EventDate "2002.06.07"]

1. e4 e6 2. d4 d5 3. Nc3 Nc6 4. Nf3 Nf6 5. e5 Ne4 6. a3 Nxc3 7. bxc3 Na5 8. Ng5
h6 9. Nh3 Bd7 10. Nf4 Bc6 11. Bd3 Qd7 12. Nh5 Bb5 13. a4 Bxd3 14. cxd3 O-O-O
15. O-O Qc6 16. Bd2 Qa6 17. Qc2 Kb8 18. Rfb1 g6 19. Nf6 Be7 20. Rb5 Bxf6 21.
exf6 Nc6 22. Rab1 b6 23. h4 h5 24. Be3 Rd7 25. a5 Nxa5 26. Qa4 Kc8 27. Rxa5
bxa5 28. Rb5 Rd6 29. Rxa5 Qc6 30. Qa3 Kd7 31. Bf4 Rb8 32. Rxa7 Rb1+ 33. Kh2 Qb6
34. Ra8 Rb3 35. Qa4+ Qb5 36. Qxb5+ Rxb5 37. Rf8 e5 38. dxe5 Re6 39. Rxf7+ Kc6
40. Rg7 Rb8 41. Rxg6 d4 42. cxd4 Kd5 43. Rg7 Kxd4 44. Rd7+ Kc3 45. Rxc7+ Kxd3
46. f3 Rb4 47. Kg3 Ra6 48. f7 Rg6+ 49. Bg5 Rb8 50. Kf4 Rf8 51. Kf5 Rg7 52. e6
1-0

[Event "III Festival A"]
[Site "Lido degli Estensi - Comacchio ITA"]
[Date "2002.06.13"]
[Round "6"]
[White "Opacic, Alexandar"]
[Black "Olarasu, Gabriela"]
[Result "0-1"]
[WhiteElo "2098"]
[BlackElo "2289"]
[PlyCount "80"]
[EventDate "2002.06.07"]

1. e4 e5 2. Nf3 d6 3. d4 exd4 4. Nxd4 Nf6 5. Nc3 Be7 6. Be2 O-O 7. O-O Re8 8.
f4 Bf8 9. Bf3 c6 10. a4 a5 11. Kh1 Na6 12. Nb3 Be6 13. Be3 Bxb3 14. cxb3 Nd7
15. Qd2 Nac5 16. Bxc5 Nxc5 17. Rae1 Nxb3 18. Qf2 Nc5 19. Re2 Qf6 20. Qe3 Qe6
21. Rd2 f5 22. Bd1 Nxe4 23. Nxe4 Qxe4 24. Qb3+ d5 25. Bc2 Qb4 26. Qd3 g6 27. h3
Re4 28. Rdf2 Rae8 29. Qg3 Re3 30. Rf3 Rxf3 31. Rxf3 Qxb2 32. Bxf5 Qc1+ 33. Kh2
Re1 34. Qg5 Be7 35. Qg4 Rh1+ 36. Kg3 Qe1+ 37. Rf2 Rf1 38. Be6+ Kg7 39. Qe2
Qxf2+ 40. Qxf2 Bh4+ 0-1

[Event "III Festival A"]
[Site "Lido degli Estensi - Comacchio ITA"]
[Date "2002.06.13"]
[Round "6"]
[White "Peek, Marcel"]
[Black "Ortega, Lexy"]
[Result "1-0"]
[WhiteElo "2345"]
[BlackElo "2463"]
[PlyCount "75"]
[EventDate "2002.06.07"]

1. d4 d5 2. c4 c6 3. Nf3 Nf6 4. Nc3 dxc4 5. a4 Bf5 6. Nh4 Bc8 7. Nf3 Bf5 8. Nh4
e6 9. Nxf5 exf5 10. e3 Bb4 11. Bxc4 O-O 12. O-O Nbd7 13. Qc2 g6 14. f3 Nb6 15.
Bb3 a5 16. Kh1 Rc8 17. Qf2 c5 18. Na2 c4 19. Bc2 Bd6 20. Nc3 Bb8 21. Bd2 Nbd5
22. Nxd5 Nxd5 23. Rad1 c3 24. bxc3 Nxc3 25. Bxc3 Rxc3 26. Bd3 Qe7 27. Rfe1 Rfc8
28. e4 Qa3 29. Bb5 Rc2 30. Re2 Qc1 31. Rxc1 Rxc1+ 32. Re1 Rxe1+ 33. Qxe1 Bf4
34. Bf1 Rc1 35. Qe2 Be3 36. exf5 Bxd4 37. fxg6 hxg6 38. Qd3 1-0

[Event "III Festival A"]
[Site "Lido degli Estensi - Comacchio ITA"]
[Date "2002.06.13"]
[Round "6"]
[White "Roeder, Matthias"]
[Black "Wohl, Aleksandar H."]
[Result "1/2-1/2"]
[WhiteElo "2487"]
[BlackElo "2388"]
[PlyCount "76"]
[EventDate "2002.06.07"]

1. d4 e6 2. c4 Bb4+ 3. Bd2 a5 4. Nf3 d6 5. Nc3 Nf6 6. Bg5 h6 7. Bh4 Nc6 8. e3
Bd7 9. Qc2 Qe7 10. Be2 a4 11. a3 Bxc3+ 12. bxc3 e5 13. O-O g5 14. Bg3 Nh5 15.
Nd2 Nxg3 16. fxg3 f5 17. Bh5+ Kd8 18. d5 Na5 19. Bg6 f4 20. exf4 gxf4 21. gxf4
exf4 22. Rae1 Qg5 23. Qe4 Nb3 24. Nxb3 axb3 25. c5 dxc5 26. Rxf4 Ra6 27. h4
Qxf4 28. Qxf4 Rxg6 29. h5 Rb6 30. Re6 Bxe6 31. Qf6+ Ke8 32. Qxh8+ Ke7 33. dxe6
b2 34. Qh7+ Kxe6 35. Qb1 Kd5 36. Qd3+ Ke6 37. Qb1 Kd6 38. Qd3+ Ke5 1/2-1/2

[Event "III Festival A"]
[Site "Lido degli Estensi - Comacchio ITA"]
[Date "2002.06.13"]
[Round "6"]
[White "Sartori, Spartaco"]
[Black "Popa, Claudiu"]
[Result "1/2-1/2"]
[WhiteElo "2262"]
[BlackElo "2077"]
[PlyCount "130"]
[EventDate "2002.06.07"]

1. c4 e6 2. Nc3 d5 3. d4 Nf6 4. Nf3 Be7 5. Bg5 O-O 6. e3 Nbd7 7. Qc2 c6 8. Rd1
b6 9. cxd5 cxd5 10. Bd3 Bb7 11. O-O Rc8 12. Ne5 h6 13. Bf4 Nxe5 14. Bxe5 Ng4
15. Bg3 Bd6 16. Qa4 Bxg3 17. hxg3 a6 18. Be2 Nf6 19. Rc1 Qe7 20. Qb3 b5 21. Bd3
Rc7 22. Ne2 Rfc8 23. f3 Rxc1 24. Rxc1 Rxc1+ 25. Nxc1 Qc7 26. Ne2 Ne8 27. Kf2
Nd6 28. Qb4 g6 29. g4 Kg7 30. b3 Nc8 31. Nf4 Qd6 32. Qa5 Qb6 33. Qxb6 Nxb6 34.
Be2 Kf6 35. Nd3 Nd7 36. Ke1 Kg5 37. g3 f5 38. Ne5 Nxe5 39. f4+ Kf6 40. dxe5+
Ke7 41. Kd2 Kd7 42. Kc3 Kc6 43. b4 Kb6 44. Kd4 Bc8 45. gxf5 gxf5 46. Bh5 Bd7
47. Bf7 Kc6 48. Bg6 Bc8 49. Bh5 Bd7 50. g4 fxg4 51. Bxg4 Bc8 52. Bh5 Bd7 53.
Bf7 Bc8 54. a3 Kd7 55. Kc5 Ke7 56. Bh5 Bd7 57. Kb6 Be8 58. Bg4 h5 59. Bh3 Bg6
60. Kc6 Bd3 61. Kc5 h4 62. Kb6 Kd7 63. Kc5 Ke7 64. Bg2 Kd7 65. Kd4 Bf5 1/2-1/2

[Event "III Festival A"]
[Site "Lido degli Estensi - Comacchio ITA"]
[Date "2002.06.13"]
[Round "6"]
[White "Schmitz, Andreas Arnold"]
[Black "Lamoureux, Izabelle"]
[Result "0-1"]
[WhiteElo "2161"]
[BlackElo "2039"]
[PlyCount "120"]
[EventDate "2002.06.07"]

1. e4 c5 2. c3 d5 3. exd5 Qxd5 4. d4 Nf6 5. Nf3 Bg4 6. Be2 e6 7. Na3 Nc6 8. O-O
a6 9. Qa4 cxd4 10. Nb5 Rc8 11. Nbxd4 Bc5 12. Bc4 Qd7 13. Nxc6 Bxf3 14. gxf3
Rxc6 15. Rd1 Qc7 16. b4 Be7 17. Be2 b5 18. Qa5 Qe5 19. Be3 Nd5 20. Bxb5 axb5
21. Qa8+ Kd7 22. Qxh8 Bd6 23. f4 Qf6 24. Qxh7 Nxe3 25. fxe3 g6 26. Qh3 Rxc3 27.
Qf3 Qf5 28. Rd2 Ke7 29. a3 Bc7 30. Rad1 Kf6 31. e4 Rxf3 32. exf5 gxf5 33. Rd7
Bxf4 34. Rf1 Bxh2+ 35. Kg2 Rxf1 36. Kxf1 Be5 37. Ra7 Bb2 38. Ke2 e5 39. Kd3 e4+
40. Kc2 Be5 41. Rb7 f4 42. Rb6+ Kf5 43. Rxb5 f3 44. Kd1 Kf4 45. Kd2 e3+ 46. Kd3
f6 47. Rc5 e2 48. Rc4+ Kg3 49. Re4 Kf2 50. Kd2 e1=Q+ 51. Rxe1 Bc3+ 52. Kxc3
Kxe1 53. b5 f2 54. Kb4 f1=Q 55. a4 Qf4+ 56. Ka5 Qb8 57. b6 f5 58. b7 Qa7+ 59.
Kb5 Qxb7+ 60. Ka5 Qa7+ 0-1

[Event "III Festival A"]
[Site "Lido degli Estensi - Comacchio ITA"]
[Date "2002.06.13"]
[Round "6"]
[White "Sciortino, Massimo"]
[Black "Ronchetti, Niccolo'"]
[Result "1/2-1/2"]
[WhiteElo "2204"]
[BlackElo "2040"]
[PlyCount "158"]
[EventDate "2002.06.07"]

1. d4 Nf6 2. Nf3 e6 3. e3 c5 4. Bd3 Nc6 5. O-O Be7 6. Nbd2 O-O 7. c3 d5 8. Ne5
Nd7 9. f4 f5 10. Ndf3 Nf6 11. Nxc6 bxc6 12. Ne5 Qb6 13. b3 cxd4 14. exd4 Ba6
15. b4 Bxd3 16. Qxd3 Qb5 17. Qf3 Qa4 18. Be3 Ne4 19. Rfc1 Rfb8 20. Qh5 Rf8 21.
a3 Nf6 22. Qe2 a5 23. Qd1 Qxd1+ 24. Rxd1 Rfc8 25. Bd2 Ne4 26. Be1 Bd6 27. a4
Rc7 28. Rdb1 Bxe5 29. fxe5 Rb7 30. bxa5 Rxb1 31. Rxb1 Rxa5 32. Rb4 c5 33. dxc5
Rxc5 34. Rb3 Ra5 35. Rb4 Rc5 36. Rb5 Rc4 37. a5 Nxc3 38. Rb8+ Kf7 39. a6 Ra4
40. Rb7+ Kg6 41. Bxc3 Rxa6 42. h3 Ra3 43. Rc7 f4 44. Bb4 Re3 45. Bd6 Rg3 46.
Kf2 Kf5 47. Re7 Rg6 48. Ra7 Ke4 49. Ra4+ Kf5 50. Ra3 Ke4 51. Rf3 Rg5 52. Ra3
Rg6 53. Ra4+ Kf5 54. Ra8 Ke4 55. Rh8 h6 56. Ra8 Rg3 57. Ra7 h5 58. Ra4+ Kf5 59.
Rd4 Re3 60. Rd2 Rg3 61. Re2 Rc3 62. h4 g5 63. hxg5 Kxg5 64. Ra2 Kf5 65. Ra8
Rc2+ 66. Kf3 Rc3+ 67. Kf2 Rc2+ 68. Kg1 d4 69. Ra1 d3 70. Rd1 Ke4 71. Kf1 Ke3
72. Re1+ Re2 73. Bc5+ Ke4 74. Rxe2+ dxe2+ 75. Kxe2 Kxe5 76. Kf3 Kf5 77. Be7 e5
78. Bd6 e4+ 79. Kf2 Kg4 1/2-1/2

[Event "III Festival A"]
[Site "Lido degli Estensi - Comacchio ITA"]
[Date "2002.06.13"]
[Round "6"]
[White "Solaroli, Riccardo"]
[Black "Berni, Giorgio"]
[Result "0-1"]
[WhiteElo "1642"]
[BlackElo "2198"]
[PlyCount "84"]
[EventDate "2002.06.07"]

1. d4 Nf6 2. Nf3 c5 3. c3 b6 4. Nbd2 Bb7 5. e3 g6 6. Bd3 Bg7 7. O-O O-O 8. Re1
d5 9. Ne5 Ne4 10. f4 f6 11. Nxe4 fxe5 12. Ng5 e4 13. Ne6 Qd6 14. Nxf8 exd3 15.
Nxh7 Kxh7 16. Qxd3 Nd7 17. f5 Rh8 18. fxg6+ Qxg6 19. Qxg6+ Kxg6 20. Rf1 e5 21.
dxc5 Nxc5 22. Bd2 Ne4 23. Rad1 Ba6 24. Rfe1 Kf5 25. c4 Bxc4 26. b3 Ba6 27. Bb4
d4 28. exd4 exd4 29. Rc1 Bh6 30. g4+ Ke5 31. Rc7 Be3+ 32. Kg2 Bc8 33. Rxa7 Bxg4
34. Re7+ Kd5 35. Rg7 Bh3+ 36. Kf3 Rh5 37. Ke2 Rf5 38. Rd7+ Kc6 39. Rg7 Kb5 40.
Ba3 Rf2+ 41. Kd3 Nc5+ 42. Bxc5 Bf5# 0-1

[Event "III Festival A"]
[Site "Lido degli Estensi - Comacchio ITA"]
[Date "2002.06.13"]
[Round "6"]
[White "Sulava, Nenad"]
[Black "Kohlweyer, Bernd"]
[Result "1/2-1/2"]
[WhiteElo "2548"]
[BlackElo "2453"]
[PlyCount "97"]
[EventDate "2002.06.07"]

1. d4 d5 2. Nf3 Nf6 3. c4 c6 4. Nc3 dxc4 5. a4 Bf5 6. e3 e6 7. Bxc4 Bb4 8. O-O
Nbd7 9. Qe2 Bg4 10. Rd1 O-O 11. e4 Rc8 12. Bf4 Qa5 13. Na2 Be7 14. b4 Qh5 15.
h3 Bxf3 16. Qxf3 Qxf3 17. gxf3 a6 18. Rab1 Ne8 19. Nc1 Bd6 20. Be3 Nc7 21. Ba2
Rfd8 22. Nd3 Rb8 23. Kf1 Kf8 24. Ke2 g6 25. h4 h5 26. Bg5 Rdc8 27. f4 Be7 28.
Rg1 Bxg5 29. fxg5 Ke7 30. Ke3 Ra8 31. Rgc1 Rab8 32. f4 Ne8 33. Rc2 Nd6 34. Nc5
Ra8 35. Kf3 Rc7 36. Nb3 Nb6 37. Nc5 Nd7 38. Nd3 Rcc8 39. Rbc1 a5 40. b5 cxb5
41. e5 Nc4 42. axb5 Ncb6 43. Ke4 Rxc2 44. Rxc2 Rc8 45. Rxc8 Nxc8 46. d5 exd5+
47. Bxd5 Na7 48. Bxb7 Nxb5 49. Kd5 1/2-1/2

[Event "III Festival A"]
[Site "Lido degli Estensi - Comacchio ITA"]
[Date "2002.06.13"]
[Round "6"]
[White "Trabert, Bettina"]
[Black "Skembris, Spyridon"]
[Result "1-0"]
[WhiteElo "2291"]
[BlackElo "2429"]
[PlyCount "62"]
[EventDate "2002.06.07"]

1. e4 e6 2. d4 d5 3. Nd2 dxe4 4. Nxe4 Bd7 5. Nf3 Bc6 6. Bd3 Nd7 7. O-O Ngf6 8.
Ng3 Bd6 9. Re1 O-O 10. Ne5 Bxe5 11. dxe5 Nd5 12. Qh5 f5 13. exf6 N5xf6 14. Qg5
h6 15. Qe3 Kh8 16. h3 e5 17. c4 e4 18. Bxe4 Nxe4 19. Nxe4 Re8 20. f3 Nf6 21.
Bd2 Nxe4 22. fxe4 Rxe4 23. Qf2 Rxc4 24. Bc3 Qg5 25. Re5 Qg6 26. Re7 Rg8 27.
Rae1 Bd5 28. R1e3 Rf4 29. Qd2 Qc6 30. R3e5 Qf6 31. Rxd5 Rf1+ 1-0

[Event "III Festival A"]
[Site "Lido degli Estensi - Comacchio ITA"]
[Date "2002.06.14"]
[Round "7"]
[White "Bukal, Vladimir sr"]
[Black "Jaracz, Barbara"]
[Result "1-0"]
[WhiteElo "2432"]
[BlackElo "2288"]
[PlyCount "97"]
[EventDate "2002.06.07"]

1. c4 e5 2. Nc3 Nf6 3. Nf3 Nc6 4. e4 Bb4 5. d3 d6 6. g3 Bc5 7. Bg2 Nd4 8. h3 c6
9. O-O O-O 10. Nxd4 Bxd4 11. Ne2 Bb6 12. d4 exd4 13. Nxd4 d5 14. cxd5 cxd5 15.
e5 Ne4 16. Kh2 f6 17. exf6 Qxf6 18. Be3 Kh8 19. Qa4 Qf7 20. Rad1 Bd7 21. Qb3
Qh5 22. Nc2 Nxf2 23. Rxd5 Ng4+ 24. Kg1 Rxf1+ 25. Bxf1 Ne5 26. Bxb6 axb6 27. g4
Qg5 28. Qe3 Qxe3+ 29. Nxe3 Re8 30. Nc4 Nf3+ 31. Kf2 Bc6 32. Rd1 Rf8 33. Kg3 g6
34. Bg2 h5 35. Bxf3 Rxf3+ 36. Kh4 hxg4 37. hxg4 Kg7 38. Kg5 b5 39. Ne5 Rf2 40.
b4 Rxa2 41. Nxg6 Re2 42. Rd4 Kf7 43. Kf5 Rf2+ 44. Nf4 Rc2 45. g5 Rc4 46. g6+
Ke7 47. Rd2 Be4+ 48. Ke5 Rxb4 49. g7 1-0

[Event "III Festival A"]
[Site "Lido degli Estensi - Comacchio ITA"]
[Date "2002.06.14"]
[Round "7"]
[White "Cebalo, Miso"]
[Black "Chatalbashev, Boris"]
[Result "0-1"]
[WhiteElo "2515"]
[BlackElo "2537"]
[PlyCount "64"]
[EventDate "2002.06.07"]

1. d4 Nf6 2. c4 c5 3. d5 e6 4. Nc3 exd5 5. cxd5 Bd6 6. e4 O-O 7. Bd3 Re8 8.
Nge2 Bc7 9. O-O d6 10. h3 a6 11. a3 Nbd7 12. b4 Bb6 13. Kh1 cxb4 14. axb4 Ne5
15. f4 Nxd3 16. Qxd3 Bd7 17. Bb2 Qe7 18. Ng3 Ng4 19. Qf3 Ne3 20. Rfc1 Bg4 21.
Nf5 Bxf5 22. exf5 Nxf5 23. Na4 Be3 24. Re1 Qh4 25. g4 Nd4 26. Qg2 Rac8 27. Nc3
Bxf4 28. Ne4 Rc2 29. Nf2 Ne2 30. Bd4 Be3 31. Bxe3 Rxe3 32. Kh2 h6 0-1

[Event "III Festival A"]
[Site "Lido degli Estensi - Comacchio ITA"]
[Date "2002.06.14"]
[Round "7"]
[White "Dickhoff, Ronald"]
[Black "Barlocco, Carlo"]
[Result "0-1"]
[WhiteElo "2230"]
[BlackElo "2129"]
[PlyCount "182"]
[EventDate "2002.06.07"]

1. d4 d5 2. c4 e6 3. Nc3 c5 4. e3 Nf6 5. Nf3 Nc6 6. a3 Be7 7. dxc5 Bxc5 8. b4
Bb6 9. Bb2 O-O 10. c5 Bc7 11. Nb5 Bb8 12. Nbd4 Ne7 13. Nb3 Ng6 14. Bd3 Re8 15.
h4 e5 16. h5 Nf8 17. Bb5 Bd7 18. Be2 h6 19. a4 Bg4 20. Ng1 Bxe2 21. Nxe2 Qd7
22. Rh4 Ne6 23. Kf1 Bc7 24. Qc2 Rad8 25. Qf5 Nxc5 26. Qxd7 Ncxd7 27. Nc3 a6 28.
Rd1 Nb8 29. b5 axb5 30. axb5 Bb6 31. Na4 Nbd7 32. Nxb6 Nxb6 33. Na5 Rd7 34. f3
Rc7 35. Rd2 Ra8 36. Nb3 Nc4 37. Re2 Nxb2 38. Rxb2 Kf8 39. Ke2 Ke7 40. Kd2 Ra3
41. Kd3 Rc5 42. Ra4 Rxa4 43. Nxc5 Ra3+ 44. Ke2 b6 45. Nd3 e4 46. Nb4 Rc3 47.
Nc6+ Kd6 48. g4 exf3+ 49. Kxf3 Rc1 50. Nd8 Ke7 51. Nc6+ Kd6 52. Nd8 Rc8 53. Nc6
Nd7 54. Nd4 Ne5+ 55. Kg3 Rc1 56. Nf5+ Kc5 57. Rd2 Rg1+ 58. Kf2 Rxg4 59. Ne7 d4
60. exd4+ Rxd4 61. Rxd4 Kxd4 62. Nf5+ Ke4 63. Nxg7 Kf4 64. Ne8 Kg5 65. Nd6 Kxh5
66. Ke3 Kg4 67. Ke4 f6 68. Nc8 Nc4 69. Kd4 Na3 70. Nxb6 Nxb5+ 71. Ke3 Kg3 72.
Nd5 f5 73. Nf4 Nd6 74. Nh5+ Kh4 75. Ng7 Kg4 76. Kd4 f4 77. Ne6 Kg3 78. Ng7 f3
79. Nh5+ Kg4 80. Nf6+ Kf5 81. Nh5 f2 82. Ke3 Ne4 83. Ke2 Kg4 84. Ng7 h5 85. Ne6
h4 86. Nd4 h3 87. Nf3 f1=Q+ 88. Kxf1 Kxf3 89. Kg1 Kg3 90. Kh1 Nf2+ 91. Kg1 h2+
0-1